| 000 | 00644nam a22002177a 4500 | ||
|---|---|---|---|
| 005 | 20250303051801.0 | ||
| 008 | 250303b |||||||| |||| 00| 0 eng d | ||
| 020 | _a9788119679249 | ||
| 040 |
_aIN-DiNC _cIN-DiNC |
||
| 041 | _dasm | ||
| 082 |
_a371.33 _bCHA |
||
| 100 |
_aChaliha, Beda Kumar _eauthor |
||
| 245 |
_aShaikshik prajuktibidya (Major6)/ _cby Beda Kumar Chaliha, Tarun Saikia and Runu Bora Saikia |
||
| 250 | _a1st ed. | ||
| 260 |
_aJorhat: _bBidya bhawan, _c2025. |
||
| 300 | _a415p. | ||
| 650 | _aEducational technology (Major6) | ||
| 700 |
_aSaikia, Tarun _eauthor |
||
| 700 |
_aSaikia, Runu Bora _eauthor |
||
| 942 |
_2ddc _cBK |
||
| 999 |
_c12104 _d12104 |
||